The perfect cover letter
| Main Author: | Beatty, Richard H |
|---|---|
| Published: |
Hoboken, N.J:
John Wiley & Sons,
2004.
|
| Edition: | 3rd ed. |
| Subjects: |
| LEADER | 00537cam a2200181 7i4500 | ||
|---|---|---|---|
| 001 | 0000004450 | ||
| 005 | 20090609090000.0 | ||
| 020 | |a 047147374X (pbk.) | ||
| 020 | |a 9780471473749 | ||
| 090 | 0 | 0 | |a HF5383 |b .B43 2004 |
| 100 | 1 | |a Beatty, Richard H | |
| 245 | 1 | 4 | |a The perfect cover letter |c Richard H. Beatty. |
| 250 | |a 3rd ed. | ||
| 260 | |a Hoboken, N.J: |b John Wiley & Sons, |c 2004. | ||
| 300 | |a vii, 215 p.: |b ill.; |c 23 cm. | ||
| 500 | |a Includes index | ||
| 650 | 0 | 0 | |a Cover letters |
| 999 | |a 0000009852 |b BOK |c OPEN SHELF |e 1st Floor, Bestari Jaya | ||


